000
00270nam a22001217a 4500
999
_c
522815
_d
522815
003
NUST
038
_a
Tanveer
082
_a
954.9
_b
MUB
245
_a
Hindustan Ki Kahani /
_c
Dr. Mubarak Ali
260
_a
Islamabad
_b
NBF
_c
2009.
300
_a
78p.
_c
28cm.
942
_2
ddc
_c
BK